00241nam a22000857a 4500100002500000245006400025260004300089300000900132650001400141 aDias,Ranthi Manahari aAssessment on the quality of Black Tea in Sri Lankan Market aColombobInstitute of Chemistry Ceylon a25 p aBlack Tea